000 00281nam a22001217a 4500
020 _a9789502323985
080 _a342.56 C 629
245 _aConvención Americana sobre Derechos Humanos
300 _a1040 p.
650 _xderechos humanos
945 _asa
_d2015-07-14
999 _c4103
_d234607
942 _6_